00873nam a22002177a 4500003000900000005001700009007000300026008004100029040002500070082001400095110007500109245004100184260008600225300002000311500007200331590002700403910001400430942001300444952018100457999001700638DO-SdBNP20220927101127.0ta110713s1938 dr r 000 0 spa d aDO-SdBNPbspacBNPHU axxxxbxxx 916446aRepública Dominicana. bSecretaría de Estado de Agricultura13aLo que puede hacerse con el maíz / aSanto Domingo :bSecretaria de Estado de Agricultura, Industria y Trabajo,c1938. a26 p. ;c22 cm. aNegociado de publicaciones y difusión de enseñanza agrícola.  aInventariado, 2022/ YL aYLockward 2ddccLF2 00102ddc51708DS-FRVaBNPHUbBNPHUcCTd2022-09-27l0oxxxx xxxp2022-4087r2022-09-27w2022-09-27yLF2zPerteneció a la biblioteca personal de Carlos Larrazábal Blanco. c52477d52477